Kolegové

Saved in:
Bibliographic Details
Main Author Nováková, Jana
Format Electronic eBook
LanguageCzech
Published Cosmopolis 2026
Edition1. elektronické vydání
Subjects
Online AccessDostupné v BOOKPORT po přihlášení pomocí eduID
ISBN978-80-271-8454-5
978-80-271-8455-2
978-80-271-6096-9
Physical Description1 online zdroj (296 stran)

Cover

LEADER 00000nam a2200000 i 4500
001 bkp15238
003 CZ-prgp
005 20260407112623.0
006 m o d
007 cr cn
008 260407s2026 xr o 000 1 cze
020 |a 978-80-271-8454-5  |c 305 Kč  |q (online ; pdf) 
020 |a 978-80-271-8455-2  |c 305 Kč  |q (online ; epub) 
020 |a 978-80-271-6096-9  |c 365 Kč  |q (print) 
040 |a Grada  |b cze  |e rda 
100 1 |a Nováková, Jana 
245 1 0 |a Kolegové  |c Jana Nováková 
250 |a 1. elektronické vydání 
264 1 |b Cosmopolis  |c 2026 
300 |a 1 online zdroj (296 stran) 
336 |a text  |b txt  |2 rdacontent 
337 |a počítač  |b c  |2 rdamedia 
338 |a online zdroj  |b cr  |2 rdacarrier 
520 3 |a Karol, ukolébaná stereotypem manželství, zjistí, že zatímco si po práci užívala klidu domova s knihou v klíně, manžel si užíval v klíně jiné ženy. Introvertní třicátnice se díky mladší kolegyni vrací ke společenskému životu. Zkouší znovu randit, ale zjišťuje, že to v dnešní době není nic lehkého. Najde lásku v práci? 
650 0 4 |a Beletrie 
650 0 4 |a Humor 
856 4 0 |u https://www.bookport.cz/AccountSaml/SignIn/?idp=https://shibboleth.utb.cz/idp/shibboleth&returnUrl=/kniha/kolegove-15942/  |y Dostupné v BOOKPORT po přihlášení pomocí eduID